000 00436nam a2200181Ia 4500
001 25078
005 20260414151126.0
008 260414t2023||||xx |||||||||||||| ||spa||
041 _aESP
082 _a346.2
_bA32T
100 _aAguilar Llanos, Benjamín,
_eAUT
245 0 _aTratado de derecho de familia
_b
260 _c2023
300 _a719 páginas :
_c25 cm.
650 _aDER
654 _aCDE
942 _cLIB
_dJUS
_fJUS
_2ddc
_n
999 _c25078
_d25078